Metadata for information management and retrieval
Saved in:
| Main Author: | |
|---|---|
| Format: | Book |
| Language: | Undetermined |
| Published: |
London
Facet
2004
|
| Subjects: | |
| Tags: |
Add Tag
No Tags, Be the first to tag this record!
|
| Institutions: | Trung tâm Học liệu Trường Đại học Cần Thơ |
|---|
| LEADER | 00465nam a2200181Ia 4500 | ||
|---|---|---|---|
| 001 | CTU_103023 | ||
| 008 | 210402s9999 xx 000 0 und d | ||
| 082 | |a 025.3 | ||
| 082 | |b H417 | ||
| 100 | |a Haynes, David | ||
| 245 | 0 | |a Metadata for information management and retrieval | |
| 245 | 0 | |c David Haynes | |
| 260 | |a London | ||
| 260 | |b Facet | ||
| 260 | |c 2004 | ||
| 650 | |a Metadata | ||
| 904 | |i Minh | ||
| 980 | |a Trung tâm Học liệu Trường Đại học Cần Thơ | ||